000 00255nam a2200097Ia 4500
001 967707
005 20250826220329.0
008 250824s9999 xx 000 0 und d
245 0 _aFITRAT PEDAGOJİSİ
_cHATİCE KÜBRA TONGAR
260 _bHAYY KİTAP YAYINLARI
999 _c967707
_d967707